Tutti gli Stati che hanno controllato Thimphu - Statistics

Statistiche generali
  • Questo quiz è stato fatto 3 volte
  • Il punteggio medio è 4 su 7
Statistiche sulle risposte
con Immagini Hint Risposta % Corretto
1240 - 1270 Impero Mongolo
100%
1616 - Oggi Regno del Bhutan
100%
~1200 - 1240 Regno di Ü-Tsang
67%
1270 - 1354 Dinastia Yuan
33%
1354 - 1435 Regno Phagmodrupa
33%
1435 - 1565 Regno Rinpungpa
33%
1565 - 1616 Regno Tsangpa
33%
Nessun quiz corrispondente trovato
Distribuzione punteggi
Percentuale di utenti per punteggio
Percentile per numero di risposta
I tuoi punteggi nel tempo
Non hai fatto questo quiz